000 00245nam a22000857a 4500
008 160711b xxu||||| |||| 00| 0 eng d
100 _92579
_a National Geographic Society
245 _aGreat Religions of the World
260 _aWashington
_b N.G.S.
_c1971
999 _c2244
_d2244